<?xml version="1.0" encoding="UTF-8"?>
<record
    xmlns:xsi="http://www.w3.org/2001/XMLSchema-instance"
    xsi:schemaLocation="http://www.loc.gov/MARC21/slim http://www.loc.gov/standards/marcxml/schema/MARC21slim.xsd"
    xmlns="http://www.loc.gov/MARC21/slim">

  <leader>02857nam a22002297a 4500</leader>
  <controlfield tag="003">OSt</controlfield>
  <controlfield tag="005">20260407091519.0</controlfield>
  <controlfield tag="008">260407b        |||||||| |||| 00| 0 eng d</controlfield>
  <datafield tag="040" ind1=" " ind2=" ">
    <subfield code="a">LC</subfield>
    <subfield code="b">ENG</subfield>
    <subfield code="c">LC</subfield>
    <subfield code="d">ABK</subfield>
    <subfield code="e">RDA</subfield>
  </datafield>
  <datafield tag="082" ind1=" " ind2=" ">
    <subfield code="2">23rd ed.</subfield>
    <subfield code="a">348.044</subfield>
    <subfield code="b">HIG</subfield>
  </datafield>
  <datafield tag="245" ind1=" " ind2=" ">
    <subfield code="a">The high court bulletin [2009] H.C.B Vol. 2 :</subfield>
    <subfield code="b">(a digest of judgements and orders of the supreme court of Uganda, the court of appeal of Uganda, the constitutional court and the high court of Uganda) /</subfield>
    <subfield code="c">edited by Didas Bakunzi Mufasha, Rose Kawesa Nalule, Muwada Nkunyingi.</subfield>
  </datafield>
  <datafield tag="260" ind1=" " ind2=" ">
    <subfield code="a">Kampala, Uganda :</subfield>
    <subfield code="b">The Law Development Center,</subfield>
    <subfield code="c">January/December 2009.</subfield>
  </datafield>
  <datafield tag="300" ind1=" " ind2=" ">
    <subfield code="a">52 pages:</subfield>
    <subfield code="c">28.5 cm.</subfield>
  </datafield>
  <datafield tag="505" ind1=" " ind2=" ">
    <subfield code="a">Amooti Godfrey Nyakana Vs. National Environment Management Authority And 6 Others (Cc).. ......4 Andrew Keenan Vs. Pearl Hoareau (HC)... 48 Bamanye Fazil Vs. Nankunda Rose (HC),..... .20 Bank of Uganda Vs. Caring for Orphans, Widows and Elderly Limited (CA) .....7 Betuco (U) Limited and Anor Vs. Barclays Bank (U) Limited and Another (HC) ...33 Bitangaro &amp; C0. Advocates Vs. Emmanuel Katto (HC)..... East Mengo Growers Co-Operative Union Ltd. vs. The Registrar of Titles (HC)...... .24 14a Francis Brake Lubega Vs. Barnabas Taremwa (HC).....44 His Worship Aggrey Bwire Vs. Attorney General and Judicial Service Commission (CC)..... 10 Hoima District Local Government Vs. Global Construction Co. Limited (HC)&#x2026;26 ...... In The Matter Of An Application for Guardianship Of Mark Mulindwa (Minor) By Grace Tamale (HC)....18 In the Matter of Isaac Rukundo (Infant) (Application for Adoption By Brent David Potts) (HC)... 16 ... In The Matter of Odoke Emmanuel (Infant) Application for Legal Guardianship by Daniel K. Ludlam and Kathryn Ludlam (HC). .22 ..... Jima Properties Ltd Vs. Kampala District Land Board (HC)...42 ... Lionking International (U) Ltd Vs. Uganda Revenue Authority (HC) ....31 Mandela Auto Spares Vs. Marketing Information Systems (HC)...... .43 Mwesigwa Hannington And 3 Others Vs. Attorney General (CA). .1 ... Nsubuga Bosco Vs. Centenary Bank Ltd (HC)....39 Okello Oryem Alfred and 2 Others Vs. Akright Projects .35 Ltd and Another (Hc).... Peter Mulira Vs. Mitchell Cotts Ltd (HC)... ..36 Peter Muramira Vs. Brian Kaggwa (HC)....46 Rock Petroleum (U) Ltd Vs. Uganda Revenue Authority (HC)....... 20 Stirling Civil Engineering Ltd Vs. Petro (U) Ltd And 2 Others (HC)... ...28 Tirupati Development (U) Ltd Vs. Peter Bibangamba &amp; Another (HC)....40 Uganda Law Society and Another Vs. Attorney General (CC) ...13 Yoweri Bamuhiga And S Others Vs Christine Mugara and 2 Others..... 49</subfield>
  </datafield>
  <datafield tag="650" ind1=" " ind2=" ">
    <subfield code="a">High court Bulletin</subfield>
    <subfield code="9">67649</subfield>
  </datafield>
  <datafield tag="650" ind1=" " ind2=" ">
    <subfield code="a">Supreme Court of Uganda</subfield>
    <subfield code="9">67680</subfield>
  </datafield>
  <datafield tag="650" ind1=" " ind2=" ">
    <subfield code="a">Court of appeal of Uganda</subfield>
    <subfield code="9">67681</subfield>
  </datafield>
  <datafield tag="700" ind1=" " ind2=" ">
    <subfield code="a"> Mufasha, Didas Bakunzi</subfield>
    <subfield code="9">67683</subfield>
  </datafield>
  <datafield tag="700" ind1=" " ind2=" ">
    <subfield code="a">Nalule, Rose Kawesa </subfield>
    <subfield code="9">67666</subfield>
  </datafield>
  <datafield tag="700" ind1=" " ind2=" ">
    <subfield code="a"> Nkunyingi, Muwada</subfield>
    <subfield code="9">67684</subfield>
  </datafield>
  <datafield tag="942" ind1=" " ind2=" ">
    <subfield code="2">ddc</subfield>
    <subfield code="c">BOOK</subfield>
  </datafield>
  <datafield tag="999" ind1=" " ind2=" ">
    <subfield code="c">40180</subfield>
    <subfield code="d">40179</subfield>
  </datafield>
  <datafield tag="952" ind1=" " ind2=" ">
    <subfield code="0">0</subfield>
    <subfield code="1">0</subfield>
    <subfield code="2">ddc</subfield>
    <subfield code="3">Volume 2</subfield>
    <subfield code="4">0</subfield>
    <subfield code="7">0</subfield>
    <subfield code="a">LLB</subfield>
    <subfield code="b">LLB</subfield>
    <subfield code="d">2026-04-07</subfield>
    <subfield code="l">0</subfield>
    <subfield code="o">348.044 HIG</subfield>
    <subfield code="p">14993</subfield>
    <subfield code="r">2026-04-07 09:12:21</subfield>
    <subfield code="w">2026-04-07</subfield>
    <subfield code="y">BOOK</subfield>
  </datafield>
</record>
